Annual review of plant physiology. V 15 (Record no. 20200)

MARC details
000 -LEADER
fixed length control field 00737nam a2200265Ia 4500
082 ## - DEWEY DECIMAL CLASSIFICATION NUMBER
Classification number 581.1
Item number ANN.15
100 ## - MAIN ENTRY--AUTHOR NAME
Personal name BRIGGS, Winslow R
245 #0 - TITLE STATEMENT
Title Annual review of plant physiology. V 15
260 ## - PUBLICATION, DISTRIBUTION, ETC. (IMPRINT)
Place of publication California
Name of publisher Annual Reviews Inc
Year of publication 1964
650 ## - SUBJECT ADDED ENTRY--TOPICAL TERM
Topical Term Alkaloid biosynthesis
650 ## - SUBJECT ADDED ENTRY--TOPICAL TERM
Topical Term Ion transport
650 ## - SUBJECT ADDED ENTRY--TOPICAL TERM
Topical Term Mineral nutrition
650 ## - SUBJECT ADDED ENTRY--TOPICAL TERM
Topical Term Nitrogen metabolism
650 ## - SUBJECT ADDED ENTRY--TOPICAL TERM
Topical Term Photosynthesis
650 ## - SUBJECT ADDED ENTRY--TOPICAL TERM
Topical Term Plant membrane lipid
650 ## - SUBJECT ADDED ENTRY--TOPICAL TERM
Topical Term Plant physiology
650 ## - SUBJECT ADDED ENTRY--TOPICAL TERM
Topical Term Pollen physiology
650 ## - SUBJECT ADDED ENTRY--TOPICAL TERM
Topical Term Respiration
650 ## - SUBJECT ADDED ENTRY--TOPICAL TERM
Topical Term Shoot morphogenesis
650 ## - SUBJECT ADDED ENTRY--TOPICAL TERM
Topical Term Spectroscopy in vivo
650 ## - SUBJECT ADDED ENTRY--TOPICAL TERM
Topical Term Yield factor
700 ## - ADDED ENTRY--PERSONAL NAME
Personal name MACHLIS, Leonard
942 ## - ADDED ENTRY ELEMENTS (KOHA)
Koha item type Books
Holdings
Withdrawn status Lost status Damaged status Not for loan Home library Current library Date acquired Full call number Accession Number Koha item type
        RRII Library RRII Library 16/12/2021 581.1 ANN.15 00928 Books